000
00236nam a22001097a 4500
082
_a
808.4 KAY'H
100
_a
KAYANI, M. R
_9
45961
245
_a
HALF TRUTHS
260
_a
LAHORE
_b
PAKISTAN SOCIETY
_c
1976
300
_a
102P
942
_c
BK
999
_c
581839
_d
581839